Help! i have to... write a book report : (Record no. 10493)
[ view plain ]
| 000 -LEADER | |
|---|---|
| fixed length control field | 00655nam a22002177a 4500 |
| 003 - CONTROL NUMBER IDENTIFIER | |
| control field | OSt |
| 005 - DATE AND TIME OF LATEST TRANSACTION | |
| control field | 20140310182212.0 |
| 008 - FIXED-LENGTH DATA ELEMENTS--GENERAL INFORMATION | |
| fixed length control field | 130906t xxu||||| |||| 00| 0 eng d |
| 020 ## - INTERNATIONAL STANDARD BOOK NUMBER | |
| International Standard Book Number | 0590965468 |
| 050 ## - LIBRARY OF CONGRESS CALL NUMBER | |
| Classification number | PE 1408 |
| Item number | .C699 1989 |
| 082 ## - DEWEY DECIMAL CLASSIFICATION NUMBER | |
| Classification number | HS 808.02 |
| Item number | C69 1989 |
| 100 ## - MAIN ENTRY--PERSONAL NAME | |
| Personal name | Colligan, Louise |
| 9 (RLIN) | 9997 |
| 245 ## - TITLE STATEMENT | |
| Title | Help! i have to... write a book report : |
| Remainder of title | scholastic's A+ junior guide to book reports / |
| Statement of responsibility, etc | Louise Colligan |
| 260 ## - PUBLICATION, DISTRIBUTION, ETC. (IMPRINT) | |
| Place of publication, distribution, etc | New York : |
| Name of publisher, distributor, etc | Scholastic Inc, |
| Date of publication, distribution, etc | c1989. |
| 300 ## - PHYSICAL DESCRIPTION | |
| Extent | 88 p. : |
| Dimensions | 19 cm. |
| 650 ## - SUBJECT ADDED ENTRY--TOPICAL TERM | |
| Topical term or geographic name as entry element | Book report |
| 9 (RLIN) | 16818 |
| 650 ## - SUBJECT ADDED ENTRY--TOPICAL TERM | |
| Topical term or geographic name as entry element | Writing |
| 9 (RLIN) | 16154 |
| 650 ## - SUBJECT ADDED ENTRY--TOPICAL TERM | |
| Topical term or geographic name as entry element | Report writing. |
| 9 (RLIN) | 1734 |
| 942 ## - ADDED ENTRY ELEMENTS (KOHA) | |
| Source of classification or shelving scheme | Library of Congress Classification |
| Koha item type | |
| Withdrawn status | Lost status | Source of classification or shelving scheme | Damaged status | Home library | Current library | Shelving location | Date acquired | Total Checkouts | Full call number | Barcode | Date last seen | Copy number | Price effective from | Koha item type |
|---|---|---|---|---|---|---|---|---|---|---|---|---|---|---|
| Library of Congress Classification | Luxembourg Library | Luxembourg Library | High School Section | 09/06/2013 | PE 1408 .C699 1989 | 18017 | 03/14/2016 | 1 | 09/06/2013 | Books |